Quotes from Philosophers - Easy - Statistics

General Stats
  • This quiz has been taken 7 times
  • The average score is 6 of 13
Answer Stats
Question Answer % Correct
The darkest places in hell are reserved for those who maintain their neutrality in times of moral crisis. Dante Alighieri
71%
Knowledge is power. Francis Bacon
71%
Life is a constant process of dying. Arthur Schopenhauer
57%
It is better to be feared than loved, if you cannot be both. Machiavelli
57%
Wise men speak because they have something to say; fools because they have to say something. Plato
57%
Nothing happens without a reason. Gottfried Wilhelm Leibniz
43%
No man ever steps in the same river twice. Heraclitus
43%
Sapere aude! Have courage to use your own understanding. Immanuel Kant
43%
I die the King’s good servant, but God’s first. Thomas More
43%
I disapprove of what you say, but I will defend to the death your right to say it. Voltaire
43%
Skepticism is the first step toward truth. David Hume
29%
We suffer more often in imagination than in reality. Seneca
29%
The owl of Minerva spreads its wings only with the falling of the dusk. Georg Wilhelm Friedrich Hegel
14%
No matching quizzes found
Score Distribution
Percent of People with Each Score
Percentile by Number Answered
Your Score History
You have not taken this quiz